header

Foundations of high-energy astrophysics (Record no. 10550)

MARC details
000 -LEADER
fixed length control field 01464nam a2200373 a 4500
082 04 - DEWEY DECIMAL CLASSIFICATION NUMBER
Classification number 523.01/976
100 1# - MAIN ENTRY--AUTHOR NAME
Personal name Vietri, Mario.
245 10 - TITLE STATEMENT
Title Foundations of high-energy astrophysics
260 ## - PUBLICATION, DISTRIBUTION, ETC. (IMPRINT)
Place of publication Chicago :
Name of publisher University of Chicago Press,
Year of publication 2008.
300 ## - PHYSICAL DESCRIPTION
Number of Pages xvii, 554 p. :
Other physical details ill.
490 1# - SERIES STATEMENT
Series statement Theoretical astrophysics
650 #0 - SUBJECT ADDED ENTRY--TOPICAL TERM
Topical Term Astrophysics
Topical Term Infrared astronomy
Topical Term X-ray astronomy
Topical Term Gamma ray astronomy
Topical Term Particles (Nuclear physics)
856 40 - ELECTRONIC LOCATION AND ACCESS
Uniform Resource Identifier http://site.ebrary.com/lib/rucke/Doc?id=10265981

No items available.

© 2026 Rongo University
Contact us: librarian | system librarian | Rongo university